[Event "Thessaloniki-Chalkidiki CupT"]
[Site "Thessaloniki"]
[Date "2019.03.16"]
[Round "2.3"]
[White "Pambalos, Panayiotis"]
[Black "Eleftheriadis, Eleftherios I"]
[Result "1-0"]
[WhiteElo "1884"]
[BlackElo "1090"]
[PlyCount "43"]
[EventDate "2019.02.09"]
[EventType "team-swiss"]
[EventRounds "5"]
[EventCountry "GRE"]
[SourceTitle "EXT 2021"]
[Source "ChessBase"]
[SourceDate "2020.10.23"]
[SourceVersion "1"]
[SourceVersionDate "2020.10.23"]
[SourceQuality "1"]

1. e4 c5 2. c3 Nf6 3. e5 Nd5 4. d4 cxd4 5. Nf3 e6 6. cxd4 d6 7. a3 dxe5 8. dxe5 Nc6 9. Bd3 Qc7 10. 0-0 Nxe5 11. Nxe5 Qxe5 12. Bb5+ Bd7 13. Bxd7+ Kxd7 14. Qa4+ Ke7 15. Nc3 Nxc3 16. bxc3 g6 17. Be3 b5 18. Qa6 Qb8 19. Rab1 Bg7 20. Bc5+ Ke8 21. Qc6+ Kd8 22. Rfd1+ 1-0

[Event "Thessaloniki/Chalkidiki-chT"]
[Site "Thessaloniki/Chalkidiki"]
[Date "2019.01.20"]
[Round "2.4"]
[White "Pambalos, Panayiotis"]
[Black "Pantoglou, Dimitrios"]
[Result "1-0"]
[WhiteElo "2003"]
[BlackElo "1597"]
[PlyCount "79"]
[EventDate "2019.01.13"]
[EventType "team-tourn"]
[EventRounds "9"]
[EventCountry "GRE"]
[SourceTitle "EXT 2020"]
[Source "ChessBase"]
[SourceDate "2019.10.17"]
[SourceVersion "1"]
[SourceVersionDate "2019.10.17"]
[SourceQuality "1"]
[WhiteTeam "Galaxias"]
[BlackTeam "Moudanion"]
[WhiteTeamCountry "GRE"]
[BlackTeamCountry "GRE"]

1. e4 e5 2. Nf3 Nc6 3. d4 exd4 4. Nxd4 Nf6 5. Nxc6 bxc6 6. e5 Qe7 7. Qe2 Nd5 8. c4 Nb6 9. b3 Qe6 10. Bb2 a5 11. Nd2 a4 12. Qe3 Bb4 13. Bd3 d5 14. 0-0 0-0 15. Nf3 Qe7 16. Nd4 Bd7 17. a3 dxc4 18. bxc4 Bc5 19. Qe4 f5 20. Qe2 Rad8 21. Rfe1 Bxd4 22. Bxd4 c5 23. Bc3 Be6 24. Ba5 Nc8 25. Rab1 f4 26. f3 Rd7 27. Bc2 Rfd8 28. Rb7 Qf7 29. Bxa4 Rd4 30. Rxc7 Qg6 31. Rxc5 Rf8 32. Bc3 Rdd8 33. Bc2 Qf7 34. a4 Qa7 35. Qf2 Ne7 36. Rb1 Nf5 37. Rc6 Qd7 38. Rxe6 Qxe6 39. c5 Qc4 40. Bb3 1-0

[Event "GRE-ch U18/20"]
[Site "Peristeri"]
[Date "2011.01.05"]
[Round "4"]
[White "Pambalos, Panayiotis"]
[Black "Malikentzos, Sotirios"]
[Result "0-1"]
[WhiteElo "2084"]
[BlackElo "2287"]
[PlyCount "62"]
[EventDate "2011.01.03"]
[EventType "swiss"]
[EventRounds "9"]
[EventCountry "GRE"]
[SourceTitle "CBM 140 Extra"]
[Source "ChessBase"]
[SourceDate "2011.03.01"]
[SourceVersion "1"]
[SourceVersionDate "2011.03.01"]
[SourceQuality "1"]

1. Nf3 d5 2. d4 Nf6 3. c3 c5 4. e3 g6 5. dxc5 Bg7 6. b4 0-0 7. Bb2 Nc6 8. Nbd2 Bg4 9. h3 Bxf3 10. Nxf3 Ne4 11. Qc2 a5 12. Nd4 e5 13. Nxc6 bxc6 14. Bd3 f5 15. 0-0 Qh4 16. Bxe4 fxe4 17. Qe2 Rf5 18. a4 Raf8 19. b5 Rf3 20. Kh2 Rxh3+ 21. gxh3 Rf3 22. Qxf3 exf3 23. c4 g5 24. Rg1 Qxf2+ 25. Kh1 Qxe3 26. Rae1 Qb3 27. Ref1 Qxb2 28. b6 e4 29. Rxg5 Kf7 30. cxd5 Be5 31. Rxe5 Qg2# 0-1

[Event "GRE-ch U18/20"]
[Site "Peristeri"]
[Date "2011.01.04"]
[Round "3"]
[White "Pambalos, Panayiotis"]
[Black "Filippas, Sebastian"]
[Result "1/2-1/2"]
[WhiteElo "2084"]
[BlackElo "2191"]
[PlyCount "91"]
[EventDate "2011.01.03"]
[EventType "swiss"]
[EventRounds "9"]
[EventCountry "GRE"]
[SourceTitle "CBM 140 Extra"]
[Source "ChessBase"]
[SourceDate "2011.03.01"]
[SourceVersion "1"]
[SourceVersionDate "2011.03.01"]
[SourceQuality "1"]

1. e4 e6 2. d4 d5 3. exd5 exd5 4. Nf3 Bd6 5. Be2 Ne7 6. Nbd2 0-0 7. 0-0 Nd7 8. Re1 Re8 9. Nf1 c6 10. Ng3 Nf8 11. c3 Neg6 12. Bd2 Bg4 13. h3 Bd7 14. Qc2 Nf4 15. Bxf4 Bxf4 16. Bd3 Qc7 17. Nf5 g6 18. Ne3 h5 19. c4 dxc4 20. Bxc4 Rad8 21. Bb3 Be6 22. d5 cxd5 23. Qxc7 Bxc7 24. Nxd5 Bxd5 25. Rxe8 Rxe8 26. Bxd5 Re2 27. Ng5 Ne6 28. Kf1 Rxb2 29. Nxe6 fxe6 30. Bxe6+ Kg7 31. Bc4 b5 32. Be2 a6 33. g3 Be5 34. Re1 Bf6 35. a4 bxa4 36. Bxa6 a3 37. Bc4 a2 38. Bxa2 Rxa2 39. Kg2 Bd4 40. Rf1 Ra1 41. Rxa1 Bxa1 42. h4 Bc3 43. Kh3 Kh6 44. f4 Bd2 45. Kg2 Kg7 46. Kf3 1/2-1/2

[Event "GRE-ch U20"]
[Site "Peristeri"]
[Date "2010.01.06"]
[Round "5"]
[White "Tsiropoulas, Apostolos"]
[Black "Pambalos, Panayiotis"]
[Result "1/2-1/2"]
[WhiteElo "2034"]
[BlackElo "2125"]
[PlyCount "28"]
[EventDate "2010.01.03"]
[EventType "swiss"]
[EventRounds "9"]
[EventCountry "GRE"]
[SourceTitle "CBM 134 Extra"]
[Source "ChessBase"]
[SourceDate "2010.03.03"]
[SourceVersion "1"]
[SourceVersionDate "2010.03.03"]
[SourceQuality "1"]

1. a3 c5 2. b4 e6 3. bxc5 Bxc5 4. d4 Bb6 5. Nf3 Nf6 6. e3 0-0 7. Bd3 Nc6 8. 0-0 d6 9. Bb2 Re8 10. Bb5 Bd7 11. Nbd2 a6 12. Be2 d5 13. c4 dxc4 14. Nxc4 Bc7 1/2-1/2

[Event "GRE-chT 37th"]
[Site "Kallithea"]
[Date "2009.07.08"]
[Round "8"]
[White "Pambalos, Panayiotis"]
[Black "Adamos, Thomas"]
[Result "1-0"]
[WhiteElo "2136"]
[BlackElo "1782"]
[PlyCount "107"]
[EventDate "2009.07.03"]
[EventType "team-tourn"]
[EventRounds "9"]
[EventCountry "GRE"]
[SourceTitle "CBM 131 Extra"]
[Source "ChessBase"]
[SourceDate "2009.09.03"]
[SourceVersion "2"]
[SourceVersionDate "2009.09.16"]
[SourceQuality "1"]

1. e4 d5 2. exd5 Qxd5 3. Nc3 Qd6 4. Nf3 Nf6 5. Be2 a6 6. 0-0 b5 7. d4 Bb7 8. Be3 e6 9. a4 b4 10. Na2 Be7 11. c4 bxc3 12. bxc3 0-0 13. Nc1 Nbd7 14. Nd3 Nd5 15. Bd2 c5 16. Rb1 Bc8 17. c4 N5f6 18. Bf4 Qc6 19. Nd2 Ne4 20. Nxe4 Qxe4 21. Bf3 Qxd4 22. Bxa8 Nf6 23. Be3 Qxc4 24. Ne5 Qh4 25. Nc6 Ng4 26. Nxe7+ Kh8 27. Bf4 e5 28. Bg3 Qxe7 29. h3 Nf6 30. Bf3 Bf5 31. Rb7 Qe8 32. Qd6 e4 33. Bg4 Nxg4 34. hxg4 Bxg4 35. Rfb1 e3 36. Qxf8+ Qxf8 37. Rb8 Bc8 38. fxe3 Qd8 39. Rxc8 Qxc8 40. Rb8 Qg8 41. Kf2 Qxb8 42. Bxb8 h5 43. Ke2 c4 44. Kd2 g5 45. Kc3 Kg7 46. Kxc4 Kf6 47. e4 g4 48. g3 Ke6 49. Kc5 f5 50. exf5+ Kxf5 51. Kb6 h4 52. gxh4 Kg6 53. Kxa6 Kh5 54. Bg3 1-0

[Event "GRE-ch U18"]
[Site "Greece"]
[Date "2009.01.08"]
[Round "9"]
[White "Pambalos, Panayiotis"]
[Black "Pappelis, Dimitrios"]
[Result "1-0"]
[WhiteElo "2123"]
[BlackElo "1994"]
[PlyCount "57"]
[EventDate "2009.01.02"]
[EventType "swiss"]
[EventRounds "9"]
[EventCountry "GRE"]
[SourceTitle "EXT 2011"]
[Source "ChessBase"]
[SourceDate "2010.11.26"]
[SourceVersion "1"]
[SourceVersionDate "2010.11.26"]
[SourceQuality "1"]

1. e4 c5 2. c3 d5 3. exd5 Qxd5 4. d4 Nf6 5. Nf3 Bg4 6. dxc5 Qxd1+ 7. Kxd1 e5 8. b4 e4 9. h3 Bh5 10. g4 Nxg4 11. hxg4 Bxg4 12. Nbd2 exf3 13. Bd3 Nc6 14. Re1+ Kd7 15. Nc4 f6 16. Kc2 Re8 17. Be3 g5 18. Rad1 Kc8 19. b5 Ne5 20. Bd4 h5 21. b6 axb6 22. cxb6 Re6 23. Nxe5 fxe5 24. Bc4 Rc6 25. Bxe5 Rh7 26. Bf6 Kb8 27. Re8+ Rc8 28. Rxc8+ Bxc8 29. Be5+ 1-0

[Event "GRE-ch U18"]
[Site "Greece"]
[Date "2009.01.05"]
[Round "5"]
[White "Pambalos, Panayiotis"]
[Black "Balokas, Dimitrios"]
[Result "1-0"]
[WhiteElo "2123"]
[BlackElo "1882"]
[PlyCount "87"]
[EventDate "2009.01.02"]
[EventType "swiss"]
[EventRounds "9"]
[EventCountry "GRE"]
[SourceTitle "EXT 2011"]
[Source "ChessBase"]
[SourceDate "2010.11.26"]
[SourceVersion "1"]
[SourceVersionDate "2010.11.26"]
[SourceQuality "1"]

1. e4 c6 2. c4 e5 3. Nf3 d6 4. d4 Nd7 5. Bd3 Ngf6 6. 0-0 g6 7. b3 Bg7 8. Ba3 Qc7 9. dxe5 Nxe5 10. Nxe5 dxe5 11. Nc3 Bf8 12. b4 a5 13. Qa4 Be7 14. b5 Bxa3 15. bxc6 bxc6 16. Qxa3 Qe7 17. c5 0-0 18. Rfd1 Nh5 19. Bf1 Nf4 20. Na4 Qg5 21. Qg3 Qxg3 22. hxg3 Ne6 23. Rab1 Nd4 24. Bc4 Be6 25. Bxe6 Nxe6 26. Rd6 Rfd8 27. Rxc6 Rd4 28. Nb6 Rb8 29. Rc1 Rd2 30. Rxe6 fxe6 31. c6 Rb2 32. c7 R2xb6 33. Rd1 Rb1 34. Kh2 Rc8 35. Rd8+ Kg7 36. Rxc8 Rc1 37. a4 h5 38. g4 h4 39. g5 Kh7 40. f3 Kg7 41. Kh3 Rh1+ 42. Kg4 Rc1 43. Kxh4 Rc2 44. Kg3 1-0

[Event "GRE-ch U18"]
[Site "Greece"]
[Date "2009.01.04"]
[Round "4"]
[White "Malikentzos, Sotirios"]
[Black "Pambalos, Panayiotis"]
[Result "1/2-1/2"]
[WhiteElo "2154"]
[BlackElo "2123"]
[PlyCount "32"]
[EventDate "2009.01.02"]
[EventType "swiss"]
[EventRounds "9"]
[EventCountry "GRE"]
[SourceTitle "EXT 2011"]
[Source "ChessBase"]
[SourceDate "2010.11.26"]
[SourceVersion "1"]
[SourceVersionDate "2010.11.26"]
[SourceQuality "1"]

1. d4 d5 2. Nf3 e6 3. c4 c6 4. Qc2 f5 5. g3 Nd7 6. Bg2 Bd6 7. 0-0 Ne7 8. b3 0-0 9. e3 b6 10. a4 Nf6 11. Ba3 Ba6 12. Rd1 Rc8 13. Bxd6 Qxd6 14. a5 b5 15. c5 Qc7 16. Ne5 Nd7 1/2-1/2

[Event "GRE-ch U18"]
[Site "Greece"]
[Date "2009.01.03"]
[Round "3"]
[White "Pambalos, Panayiotis"]
[Black "Pavlidis, Antonios"]
[Result "0-1"]
[WhiteElo "2123"]
[BlackElo "2278"]
[PlyCount "70"]
[EventDate "2009.01.02"]
[EventType "swiss"]
[EventRounds "9"]
[EventCountry "GRE"]
[SourceTitle "EXT 2011"]
[Source "ChessBase"]
[SourceDate "2010.11.26"]
[SourceVersion "1"]
[SourceVersionDate "2010.11.26"]
[SourceQuality "1"]

1. e4 e5 2. Nf3 Nc6 3. d4 exd4 4. Nxd4 Bc5 5. Be3 Qf6 6. c3 Nge7 7. g3 h5 8. Bg2 h4 9. 0-0 hxg3 10. hxg3 Ne5 11. Qe2 d6 12. f3 Qg6 13. Kf2 Rh2 14. Rh1 Rxh1 15. Bxh1 Bd7 16. b4 Bb6 17. a4 a5 18. Nb5 0-0-0 19. bxa5 Bxa5 20. Nd2 d5 21. Nb3 Bb6 22. N5d4 dxe4 23. fxe4 Rh8 24. Bg2 Rh2 25. Bf4 Bh3 26. Rg1 Ng4+ 27. Kf1 Qh5 28. Qb5 Bxg2+ 29. Rxg2 Rh1+ 30. Ke2 f5 31. Nf3 Nf6 32. e5 Nfd5 33. Qd3 Qh3 34. Nh4 Nxf4+ 35. gxf4 Qxh4 0-1

[Event "GRE-ch U18"]
[Site "Greece"]
[Date "2009.01.02"]
[Round "1"]
[White "Kostas, Alexandros"]
[Black "Pambalos, Panayiotis"]
[Result "0-1"]
[WhiteElo "1819"]
[BlackElo "2123"]
[PlyCount "92"]
[EventDate "2009.01.02"]
[EventType "swiss"]
[EventRounds "9"]
[EventCountry "GRE"]
[SourceTitle "EXT 2011"]
[Source "ChessBase"]
[SourceDate "2010.11.26"]
[SourceVersion "1"]
[SourceVersionDate "2010.11.26"]
[SourceQuality "1"]

1. d4 d5 2. Nc3 Nf6 3. Bg5 e6 4. e4 dxe4 5. Nxe4 Be7 6. Bxf6 gxf6 7. Nf3 b6 8. Qd2 Bb7 9. Nc3 c6 10. 0-0-0 Nd7 11. Bc4 Qc7 12. Rhe1 0-0-0 13. Qe2 Bb4 14. Rd3 a5 15. a3 Bf8 16. Red1 Kb8 17. a4 Bg7 18. Kb1 Qd6 19. Ne4 Qb4 20. Rb3 Qe7 21. Ba6 f5 22. Ng3 Rhe8 23. Bxb7 Kxb7 24. Re1 Bf6 25. Ne5 Bxe5 26. dxe5 Nc5 27. Ra3 Rd4 28. b3 Nd3 29. Rd1 Qxa3 30. Rxd3 Red8 31. Rxd4 Rxd4 32. f3 Qb4 33. Nf1 Qc3 34. g3 Rd5 35. f4 Rd4 36. Ka2 Re4 37. Qd2 Qxd2 38. Nxd2 Re2 39. Nc4 Rxc2+ 40. Ka3 Rxh2 41. Nd6+ Kc7 42. Nxf7 Kd7 43. Ng5 h6 44. Nf7 h5 45. Ng5 h4 46. Nf3 hxg3 0-1

[Event "GRE-ch U18"]
[Site "Kalamata"]
[Date "2008.01.03"]
[Round "2"]
[White "Pambalos, Panayiotis"]
[Black "Filippas, Sebastian"]
[Result "1/2-1/2"]
[WhiteElo "1870"]
[BlackElo "2015"]
[PlyCount "80"]
[EventDate "2008.01.02"]
[EventType "swiss"]
[EventRounds "9"]
[EventCountry "GRE"]
[SourceTitle "EXT 2010"]
[Source "ChessBase"]
[SourceDate "2010.11.25"]
[SourceVersion "1"]
[SourceVersionDate "2010.11.25"]
[SourceQuality "1"]

1. e4 c5 2. c3 d5 3. exd5 Qxd5 4. d4 Nf6 5. Nf3 e6 6. Be3 cxd4 7. cxd4 Bd7 8. Nc3 Qa5 9. Be2 Bc6 10. 0-0 Bd6 11. a3 0-0 12. b4 Qd8 13. Qb3 Nbd7 14. Bg5 Qb8 15. h4 h6 16. Be3 Nb6 17. b5 Bd5 18. Nxd5 Nbxd5 19. Bd3 Rd8 20. Rfe1 Qc7 21. Rec1 Qe7 22. Bd2 Bf4 23. Bxf4 Nxf4 24. Bf1 N4d5 25. Rc2 Rac8 26. Rac1 Rxc2 27. Rxc2 Qd6 28. a4 Ne7 29. Bd3 Nfd5 30. Be4 a6 31. Bxd5 Nxd5 32. g3 g6 33. Kg2 Kg7 34. Qc4 axb5 35. Qxb5 Rd7 36. a5 Nb4 37. Qe5+ Qxe5 38. Nxe5 Re7 39. Rb2 Nd5 40. Nd3 b6 1/2-1/2

[Event "GRE-ch U16"]
[Site "Chalkidiki"]
[Date "2007.06.30"]
[Round "8"]
[White "Kirgeridis, Panagiotis"]
[Black "Pambalos, Panayiotis"]
[Result "1/2-1/2"]
[WhiteElo "1969"]
[BlackElo "2049"]
[PlyCount "41"]
[EventDate "2007.06.25"]
[EventType "swiss"]
[EventRounds "9"]
[EventCountry "GRE"]
[SourceTitle "EXT 2009"]
[Source "ChessBase"]
[SourceDate "2008.11.26"]
[SourceVersion "1"]
[SourceVersionDate "2008.11.26"]
[SourceQuality "1"]

1. d4 d5 2. c4 e6 3. Nf3 c6 4. e3 Bd6 5. Nc3 f5 6. Bd3 Nf6 7. 0-0 0-0 8. Bd2 Ne4 9. Rc1 a6 10. Ne2 Rf6 11. Ne5 Rh6 12. f4 Bxe5 13. fxe5 Nxd2 14. Qxd2 Nd7 15. Rf3 Nf8 16. Qc3 Bd7 17. cxd5 cxd5 18. Qc7 Qh4 19. Rh3 Qg5 20. Rg3 Qh5 21. Rh3 1/2-1/2

[Event "GRE-ch U16"]
[Site "Chalkidiki"]
[Date "2007.06.26"]
[Round "2"]
[White "Malikentzos, Sotirios"]
[Black "Pambalos, Panayiotis"]
[Result "0-1"]
[WhiteElo "1924"]
[BlackElo "2049"]
[PlyCount "62"]
[EventDate "2007.06.25"]
[EventType "swiss"]
[EventRounds "9"]
[EventCountry "GRE"]
[SourceTitle "EXT 2009"]
[Source "ChessBase"]
[SourceDate "2008.11.26"]
[SourceVersion "1"]
[SourceVersionDate "2008.11.26"]
[SourceQuality "1"]

1. Nf3 d5 2. g3 Bg4 3. Bg2 c6 4. c4 e6 5. cxd5 exd5 6. d4 Bd6 7. Nc3 Nf6 8. 0-0 0-0 9. Ne5 Bf5 10. Bf4 Re8 11. Rc1 Qe7 12. Qb3 Bc8 13. Rfd1 Nbd7 14. Nxd7 Qxd7 15. Bxd6 Qxd6 16. e3 Rb8 17. Qc2 h5 18. a3 g6 19. Bf1 h4 20. b4 Kg7 21. b5 Bd7 22. Qb2 hxg3 23. hxg3 Rh8 24. Qb4 Qe6 25. Ne2 Qg4 26. Nf4 g5 27. Nd3 Qh5 28. Bg2 Bg4 29. f3 Bxf3 30. Rd2 Ne4 31. Nf2 Qh2+ 0-1

[Event "GRE-chT 35th"]
[Site "Ermioni Argolidas"]
[Date "2006.07.04"]
[Round "2"]
[White "Fragiadakis, Dimitrios"]
[Black "Pambalos, Panayiotis"]
[Result "0-1"]
[WhiteElo "1911"]
[BlackElo "2035"]
[PlyCount "56"]
[EventDate "2006.07.03"]
[EventType "team"]
[EventRounds "9"]
[EventCountry "GRE"]
[SourceTitle "CBM 113 Extra"]
[Source "ChessBase"]
[SourceDate "2006.09.14"]
[SourceVersion "1"]
[SourceVersionDate "2006.09.14"]
[SourceQuality "1"]

1. d4 d5 2. c4 e6 3. Nc3 c6 4. cxd5 exd5 5. Bf4 Bd6 6. Bg3 Nf6 7. e3 Bf5 8. Bd3 Bg6 9. Nf3 Qe7 10. 0-0 Bxg3 11. hxg3 Nbd7 12. a3 0-0 13. Rc1 Bxd3 14. Qxd3 Ne4 15. Nd2 Ndf6 16. Ncxe4 Nxe4 17. Nxe4 dxe4 18. Qc4 Rfd8 19. Qc5 Qf6 20. Qb4 b6 21. Rc2 Rd6 22. Rfc1 Rad8 23. Kf1 g5 24. Qa4 c5 25. dxc5 Rd2 26. Rxd2 Rxd2 27. f4 exf3 28. Ke1 Qxb2 0-1

[Event "Attica-ch U16"]
[Site "Athens"]
[Date "2006.??.??"]
[Round "8.4"]
[White "Goumas, Georgios"]
[Black "Pambalos, Panayiotis"]
[Result "1-0"]
[WhiteElo "2078"]
[BlackElo "2042"]
[PlyCount "49"]
[EventDate "2006.12.27"]
[EventType "swiss"]
[EventRounds "9"]
[EventCountry "GRE"]
[SourceTitle "EXT 2024"]
[Source "ChessBase"]
[SourceDate "2023.10.10"]
[SourceVersion "1"]
[SourceVersionDate "2023.10.10"]
[SourceQuality "1"]

1. e4 c5 2. Nf3 e6 3. d4 cxd4 4. Nxd4 a6 5. Bd3 b5 6. 0-0 Bb7 7. a4 b4 8. Nd2 Nc6 9. c3 bxc3 10. bxc3 Ne5 11. Be2 Nf6 12. f4 Nc6 13. Bf3 Qc7 14. e5 Nd5 15. Bxd5 exd5 16. Ba3 Na5 17. Nf5 g6 18. Nd6+ Bxd6 19. Bxd6 Qxc3 20. Kh1 Qd4 21. Rb1 Bc6 22. Qe1 h6 23. e6 f6 24. exd7+ Kf7 25. Qe7+ 1-0

[Event "Attica-ch U16"]
[Site "Athens"]
[Date "2006.??.??"]
[Round "7.7"]
[White "Tsialas, Panayotis"]
[Black "Pambalos, Panayiotis"]
[Result "0-1"]
[WhiteElo "1995"]
[BlackElo "2042"]
[PlyCount "132"]
[EventDate "2006.12.27"]
[EventType "swiss"]
[EventRounds "9"]
[EventCountry "GRE"]
[SourceTitle "EXT 2024"]
[Source "ChessBase"]
[SourceDate "2023.10.10"]
[SourceVersion "1"]
[SourceVersionDate "2023.10.10"]
[SourceQuality "1"]

1. e4 c5 2. Nf3 e6 3. d4 cxd4 4. Nxd4 a6 5. Nc3 b5 6. Bd3 Bb7 7. 0-0 Ne7 8. Re1 Nbc6 9. Nxc6 Nxc6 10. Bf4 d6 11. Qg4 h6 12. h4 Qf6 13. Rad1 b4 14. Na4 Be7 15. Bg3 h5 16. Qf4 Qxf4 17. Bxf4 e5 18. Bg3 Rb8 19. Nb6 Nd4 20. c3 bxc3 21. bxc3 Ne6 22. Rb1 Nc5 23. Bc2 g5 24. hxg5 Bxg5 25. Nc4 Ke7 26. f3 Bc6 27. Bf2 Bb5 28. Ne3 Bxe3 29. Bxe3 Bc4 30. Bxc5 dxc5 31. Bb3 Bd3 32. Rbc1 c4 33. Bc2 Rb2 34. Bxd3 cxd3 35. Rcd1 Rd8 36. Re3 d2 37. Re2 Rxa2 38. Kf2 Rc2 39. Re3 a5 40. Ke2 Rd6 41. Rd3 Ra2 42. Rd5 Rxd5 43. exd5 Kd6 44. c4 Ra4 45. Kd3 Kc5 46. Rxd2 Rxc4 47. Ra2 Rd4+ 48. Kc3 a4 49. g3 Kxd5 50. Rh2 Rc4+ 51. Kb2 Rb4+ 52. Ka2 Rb3 53. f4 Rxg3 54. Rxh5 f6 55. Rh4 a3 56. Kb1 Rf3 57. fxe5 fxe5 58. Ra4 Rc3 59. Rh4 e4 60. Rh2 Kc4 61. Re2 e3 62. Ka1 Kd3 63. Re1 e2 64. Ka2 Kd2 65. Rb1 Rc2+ 66. Kb3 Rb2+ 0-1

[Event "GRE-ch U14"]
[Site "Panellhnia"]
[Date "2005.??.??"]
[Round "6"]
[White "Aggelis, Nikolaos"]
[Black "Pambalos, Panayiotis"]
[Result "1/2-1/2"]
[WhiteElo "1740"]
[BlackElo "1835"]
[PlyCount "55"]
[EventDate "2005.??.??"]
[EventType "swiss"]
[EventRounds "9"]
[EventCountry "GRE"]
[SourceTitle "EXT 2007"]
[Source "ChessBase"]
[SourceDate "2006.11.23"]
[SourceVersion "1"]
[SourceVersionDate "2006.11.23"]
[SourceQuality "1"]

1. e4 c5 2. Nf3 e6 3. d4 cxd4 4. Nxd4 a6 5. Bd3 d5 6. exd5 Qxd5 7. 0-0 Bd7 8. Nf3 Nf6 9. Nc3 Qd6 10. Ne4 Qc7 11. b3 Bc6 12. Qe2 Nbd7 13. c4 0-0-0 14. Bb2 Be7 15. Rfd1 h5 16. h4 Ng4 17. g3 Nc5 18. Bc2 Nxe4 19. Bxe4 Bc5 20. Bd4 e5 21. Bf5+ Bd7 22. Bxd7+ Rxd7 23. Bxc5 Qxc5 24. Rxd7 Kxd7 25. Rd1+ Kc8 26. Rd5 Qc7 27. Qe4 f6 28. b4 1/2-1/2

[Event "GRE-ch U14"]
[Site "Aghia Pelagia"]
[Date "2004.06.30"]
[Round "7"]
[White "Iskos, Alexandros"]
[Black "Pambalos, Panayiotis"]
[Result "0-1"]
[WhiteElo "2040"]
[BlackElo "2000"]
[PlyCount "66"]
[EventDate "2004.06.26"]
[EventType "swiss"]
[EventRounds "9"]
[EventCountry "GRE"]
[SourceTitle "CBM 101 Extra"]
[Source "ChessBase"]
[SourceDate "2004.09.01"]
[SourceVersion "2"]
[SourceVersionDate "2004.09.01"]
[SourceQuality "1"]

1. e4 c5 2. Nf3 e6 3. d4 cxd4 4. Nxd4 a6 5. Nc3 b5 6. Bd3 Bb7 7. 0-0 Qc7 8. Re1 Bd6 9. g3 b4 10. Nd5 exd5 11. exd5+ Ne7 12. Nf5 Kd8 13. Nxg7 Bxd5 14. Bg5 Rf8 15. Bf6 Be6 16. Bf5 Nbc6 17. Bxe6 dxe6 18. Rxe6 Kd7 19. Re3 Kc8 20. c3 Rd8 21. cxb4 Kb7 22. Qb3 Be5 23. Bxe5 Nxe5 24. Rae1 N7c6 25. b5 axb5 26. Qxb5+ Qb6 27. a4 Ra5 28. Qb3 Qxb3 29. Rxb3+ Kc7 30. Rb5 Rxb5 31. axb5 Nf3+ 32. Kf1 Nxe1 33. bxc6 Nd3 0-1

[Event "GRE-ch U14"]
[Site "Aghia Pelagia"]
[Date "2004.06.29"]
[Round "5"]
[White "Goumas, Georgios"]
[Black "Pambalos, Panayiotis"]
[Result "1-0"]
[WhiteElo "1896"]
[BlackElo "2000"]
[PlyCount "89"]
[EventDate "2004.06.26"]
[EventType "swiss"]
[EventRounds "9"]
[EventCountry "GRE"]
[SourceTitle "CBM 101 Extra"]
[Source "ChessBase"]
[SourceDate "2004.09.01"]
[SourceVersion "2"]
[SourceVersionDate "2004.09.01"]
[SourceQuality "1"]

1. e4 c5 2. b3 e6 3. Bb2 Nf6 4. e5 Nd5 5. c4 Nb6 6. Nf3 Nc6 7. Nc3 d5 8. exd6 Bxd6 9. Bd3 f5 10. Nb5 0-0 11. Qe2 Bb8 12. 0-0-0 a6 13. Na3 e5 14. h4 e4 15. Ng5 g6 16. Bb1 Be5 17. d3 Bf4+ 18. Rd2 Nd4 19. Bxd4 Qxd4 20. g3 Bxd2+ 21. Qxd2 exd3 22. h5 f4 23. hxg6 hxg6 24. Rh6 Rf6 25. Bxd3 Bf5 26. Bxf5 Qxd2+ 27. Kxd2 Rxf5 28. Rxg6+ Kh8 29. g4 Rd8+ 30. Kc2 Rxg5 31. Rxg5 Re8 32. Kd3 Nd7 33. Rf5 f3 34. Nc2 Ne5+ 35. Ke4 Nxg4+ 36. Kxf3 Ne5+ 37. Kg3 Nd3 38. Ne3 Nc1 39. Rxc5 Nxa2 40. Rc7 b5 41. Ra7 bxc4 42. bxc4 Re6 43. Nd5 Rc6 44. f4 Kg8 45. Ne7+ 1-0

[Event "Kalamaria op"]
[Site "Kalamaria"]
[Date "2004.04.24"]
[Round "8.7"]
[White "Pambalos, Panayiotis"]
[Black "Kanakaris, Georgios"]
[Result "1-0"]
[WhiteElo "1993"]
[BlackElo "2084"]
[PlyCount "71"]
[EventDate "2004.04.25"]
[EventType "swiss"]
[EventRounds "9"]
[EventCountry "GRE"]
[SourceTitle "EXT 2024"]
[Source "ChessBase"]
[SourceDate "2023.10.10"]
[SourceVersion "1"]
[SourceVersionDate "2023.10.10"]
[SourceQuality "1"]

1. e4 e6 2. d4 d5 3. Nc3 Nf6 4. Bg5 Bb4 5. e5 h6 6. Bd2 Bxc3 7. bxc3 Ne4 8. Qg4 g6 9. Bd3 Nxd2 10. Kxd2 c5 11. h4 Nc6 12. Rh3 Qe7 13. Rb1 c4 14. Be2 b6 15. h5 g5 16. f4 Rg8 17. Rg3 Qf8 18. Qf3 Ne7 19. Bxc4 Bd7 20. Bd3 gxf4 21. Qxf4 Nf5 22. Rxg8 Qxg8 23. Bxf5 exf5 24. Qxh6 Qxg2+ 25. Ne2 0-0-0 26. Rg1 Qh2 27. Qh7 Be6 28. h6 Kb7 29. Qg7 f4 30. Rf1 Ka6 31. Rxf4 Rc8 32. Qf6 Qh5 33. Rh4 Qf5 34. Qxf5 Bxf5 35. Nf4 Be4 36. Nh5 1-0